[Event "1st European Blitz Ch"]
[Site "Neum BIH"]
[Date "2000.10.05"]
[Round "17"]
[White "Motylev,A"]
[Black "Tkachiev,V"]
[Result "1/2-1/2"]
[WhiteElo "2574"]
[BlackElo "2657"]

1.e4 e5 2.Nf3 Nc6 3.d4 exd4 4.Nxd4 Bc5 5.Nxc6 Qf6 6.Qd2 dxc6 7.Nc3 Bd4 8.Bc4 Nh6
9.h3 Be6 10.Bxe6 fxe6 11.O-O O-O 12.Nd1 Nf7 13.c3 Bb6 14.Qe2 Ne5 15.Be3 Rad8
16.Bxb6 axb6 17.Ne3 Qg6 18.f4 Nd3 19.f5 exf5 20.Nxf5 Kh8 21.Rad1 Ne5 22.Rxd8 Rxd8
23.Rd1 Rf8 24.Qe3 h6 25.Qg3 Qf6 26.Kh2 Kh7 27.Rf1 Rf7 28.Ne3 Qe7 29.Rxf7 Nxf7
30.Nf5 Qe5 31.Qxe5 Nxe5  1/2-1/2

[Event "Chigorin Mem"]
[Site "St Petersburg RUS"]
[Date "2000.10.31"]
[Round "1"]
[White "Motylev,A"]
[Black "Korbut,E"]
[Result "1-0"]
[WhiteElo "2574"]
[BlackElo "2336"]

1.e4 c5 2.Nf3 Nc6 3.d4 cxd4 4.Nxd4 e5 5.Nb5 d6 6.c4 Be7 7.Be2 Nf6 8.N1c3 a6
9.Na3 O-O 10.Be3 Be6 11.O-O Ne8 12.Nd5 Bg5 13.Bb6 Qd7 14.Nc2 g6 15.Kh1 f5
16.exf5 gxf5 17.f4 Bd8 18.Bg1 Rb8 19.Qd2 Nf6 20.Nxf6+ Bxf6 21.Rad1 Qf7 22.Qxd6 Rbd8
23.Bh5 Qxh5 24.Qxe6+ Kg7 25.Rxd8 Nxd8 26.Qd7+ Kg6 27.fxe5 Bxe5 28.Qe7 Bg7
29.Qd6+ Kf7 30.Ne3 Kg8 31.Nxf5 Nf7 32.Qd5  1-0

[Event "Chigorin Mem"]
[Site "St Petersburg RUS"]
[Date "2000.11.01"]
[Round "2"]
[White "Sergienko,S"]
[Black "Motylev,A"]
[Result "1/2-1/2"]
[WhiteElo "2419"]
[BlackElo "2574"]

1.d4 Nf6 2.c4 g6 3.Nc3 Bg7 4.e4 d6 5.h3 O-O 6.Bg5 c6 7.Nf3 Na6 8.Bd3 e5 9.d5 cxd5
10.cxd5 Nc5 11.Bc2 a5 12.O-O Bd7 13.Nd2 b5 14.Qe2 Qb8 15.Qe3 Nh5 16.Ne2 f6
17.Bh6 Bxh6 18.Qxh6 b4 19.g4 Bb5 20.gxh5 Bxe2 21.hxg6 Ra7 22.Rfe1 Bd3 23.Kh2 hxg6
24.Bd1 Rg7 25.Rc1 f5 26.Rg1 fxe4 27.Bg4 Rxf2+ 28.Kh1 Rf6 29.Nb3 Qb6 30.Nxc5 dxc5
31.Be6+ Rxe6 32.dxe6 Qxe6 33.Rxc5 Qf5 34.Qh4 Qf3+ 35.Rg2 Bf1 36.Qd8+ Kh7
37.Qh4+ Kg8 38.Qd8+ Kh7 39.Qh4+  1/2-1/2

[Event "Chigorin Mem"]
[Site "St Petersburg RUS"]
[Date "2000.11.04"]
[Round "4"]
[White "Rusanov,M"]
[Black "Motylev,A"]
[Result "1/2-1/2"]
[WhiteElo "2405"]
[BlackElo "2574"]

1.d4 Nf6 2.Bg5 d5 3.Bxf6 exf6 4.e3 Bd6 5.c4 dxc4 6.Bxc4 O-O 7.Nc3 Nd7 8.Nf3 f5
9.O-O Nf6 10.Qc2 c6 11.Rab1 Qe7 12.a3 Be6 13.Bxe6 Qxe6 14.b4 Rfe8 15.Rfe1 Re7
16.a4 Rc8 17.Qd3 Nd5 18.Nxd5 cxd5 19.Rec1 Rec7 20.Rxc7 Rxc7 21.Nd2 g6 22.g3 Qc8
23.b5 Rc3 24.Qf1 h5 25.Nb3 h4 26.Rc1 Ba3 27.Rb1 b6 28.Nd2 Bc1 29.Nf3 hxg3  1/2-1/2

[Event "Chigorin Mem"]
[Site "St Petersburg RUS"]
[Date "2000.11.05"]
[Round "5"]
[White "Motylev,A"]
[Black "Sivokho,S"]
[Result "1/2-1/2"]
[WhiteElo "2574"]
[BlackElo "2469"]

1.e4 c5 2.Nf3 Nf6 3.e5 Nd5 4.Nc3 Nxc3 5.dxc3 Nc6 6.Bf4 e6 7.Qd2 h6 8.h4 b6
9.O-O-O Bb7 10.Bg3 Qc7 11.Qf4 Ne7 12.Nd2 Nf5 13.Nc4 b5 14.Nd6+ Bxd6 15.exd6 Qb6
16.Bh2 c4 17.h5 O-O-O 18.a4 a6 19.Bg1 g5 20.hxg6 fxg6 21.Qe5 Bd5 22.Qf6 Rhg8
23.Rh3 h5 24.Qg5 Rdf8 25.Be2 Qxd6 26.g4 hxg4 27.Bxg4 Qc6 28.Rh7 Rd8 29.Bh2 Kb7
30.Qf4 Rh8 31.Rxh8 Rxh8 32.Qe5 Rf8 33.Rg1 d6 34.Qf4 e5 35.Qg5 Qe8 36.Rd1 Bc6
37.f3 Kc7 38.Bg1 Bb7 39.Qd2 Qc6 40.Qg5 Qe8 41.Qd2 Rf6 42.Ba7 Ne7 43.Bf2 Nd5
44.Bh4 Rf8 45.Bg5 bxa4 46.Rh1 Rh8 47.Qe1 a3 48.bxa3 Rxh1 49.Qxh1 Nxc3 50.Qh7+ Kc6
51.f4 e4 52.Qg7 Nd5 53.Qd4 Nb6 54.f5 gxf5 55.Be3 Qd8 56.Bxf5 Bc8 57.Bxc8 Nxc8
58.Qxc4+ Kb7 59.Qxe4+ d5 60.Qb4+ Ka8 61.Qa4 Kb7 62.Qb3+ Ka8 63.Qd3 Qd6 64.c4 Qc6
65.Qxd5 Qxd5 66.cxd5 Kb7 67.Kc2 Ne7 68.d6  1/2-1/2

[Event "Chigorin Mem"]
[Site "St Petersburg RUS"]
[Date "2000.11.06"]
[Round "6"]
[White "Vorobiov,E"]
[Black "Motylev,A"]
[Result "1/2-1/2"]
[WhiteElo "2488"]
[BlackElo "2574"]

1.e4 c5 2.Nf3 Nc6 3.d4 cxd4 4.Nxd4 g6 5.c4 Nf6 6.Nc3 d6 7.Be2 Nxd4 8.Qxd4 Bg7
9.Be3 O-O 10.Qd2 Be6 11.O-O Qa5 12.Rab1 Rfc8 13.b3 Ng4 14.Bd4 Bxd4 15.Qxd4  1/2-1/2

[Event "Chigorin Mem"]
[Site "St Petersburg RUS"]
[Date "2000.11.08"]
[Round "7"]
[White "Motylev,A"]
[Black "Yagupov,I"]
[Result "1-0"]
[WhiteElo "2574"]
[BlackElo "2460"]

1.e4 c5 2.Nf3 Nc6 3.d4 cxd4 4.Nxd4 Nf6 5.Nc3 e5 6.Ndb5 d6 7.Bg5 a6 8.Na3 b5
9.Bxf6 gxf6 10.Nd5 Bg7 11.Bd3 Ne7 12.Nxe7 Qxe7 13.O-O O-O 14.c3 f5 15.Nc2 Rb8
16.exf5 e4 17.Re1 Bxf5 18.Nb4 Qb7 19.Bc2 a5 20.Nd5 Rfe8 21.Qd2 Bg6 22.Rad1 b4
23.cxb4 axb4 24.Bb3 Rec8 25.h4 Kh8 26.Qg5 Rc5 27.h5 h6 28.Qg4 Bh7 29.Qf4 Rd8
30.Rd2 Rd7 31.Red1 f5 32.Qe3 Bg8 33.Nf6 Bxb3 34.Nxd7 Bxd1 35.Nxc5 dxc5 36.Rxd1 Qf7
37.Qxc5 Qxh5 38.Rd8+ Kh7 39.Qd5 Qg4 40.Qg8+ Kg6 41.Rd7  1-0

[Event "Chigorin Mem"]
[Site "St Petersburg RUS"]
[Date "2000.11.10"]
[Round "9"]
[White "Motylev,A"]
[Black "Guseinov,K"]
[Result "1-0"]
[WhiteElo "2574"]
[BlackElo "2421"]

1.e4 c5 2.Nf3 Nc6 3.d4 cxd4 4.Nxd4 g6 5.Nc3 Bg7 6.Be3 Nf6 7.Bc4 O-O 8.Bb3 a5
9.O-O d6 10.h3 Nxd4 11.Bxd4 Bd7 12.a3 Bc6 13.f4 Nd7 14.Nd5 e6 15.Bxg7 Kxg7
16.Qd4+ Kg8 17.Nc3 Nc5 18.Ba2 Qb6 19.Rf2 Qa7 20.Re1 Na4 21.Qxa7 Rxa7 22.Nxa4 Bxa4
23.f5 Bd7 24.Rd1 Ra6 25.f6 Rb6 26.c4 Ba4 27.Rd3 Rc8 28.Rfd2 d5 29.e5 Kf8
30.cxd5 exd5 31.Rxd5 Ke8 32.Rxa5 Bd7  1-0

[Event "Anibal Open"]
[Site "Anibal Open ESP"]
[Date "2001.01.08"]
[Round "1"]
[White "Motylev,A"]
[Black "Tissir,M"]
[Result "1-0"]
[WhiteElo "2574"]
[BlackElo "2342"]

1.e4 c5 2.Nf3 e6 3.d4 cxd4 4.Nxd4 Nc6 5.Nc3 Qc7 6.Be3 a6 7.Qd2 Nf6 8.O-O-O Bb4
9.f3 Ne5 10.Nb3 O-O 11.a3 Be7 12.f4 Nc4 13.Bxc4 Qxc4 14.e5 Ne4 15.Nxe4 Qxe4
16.Bc5 Bxc5 17.Nxc5 Qc4 18.Qd4 Qb5 19.Na4 b6 20.Nxb6 Rb8 21.Nc4 Bb7 22.Nd6 Qa5
23.f5 exf5 24.Nxf5 Rfe8 25.Rhe1 Bc6 26.Re3 Re6 27.Qg4 g6 28.Nh6+ Kg7 29.Qf4 Qc5
30.Ng4 Rbe8 31.Rh3 h5 32.Qh6+ Kg8 33.Nf6+ Rxf6 34.exf6 Qf8 35.Qxf8+ Kxf8
36.Rb3 Re2 37.Rb8+ Re8 38.Rxe8+ Kxe8 39.Re1+ Kf8 40.g3 d6 41.h4  1-0

[Event "Anibal Open"]
[Site "Anibal Open ESP"]
[Date "2001.01.09"]
[Round "2"]
[White "Froehlich,P"]
[Black "Motylev,A"]
[Result "0-1"]
[WhiteElo "2440"]
[BlackElo "2574"]

1.d4 Nf6 2.Nf3 g6 3.g3 Bg7 4.Bg2 O-O 5.O-O d6 6.c4 a6 7.b3 c5 8.Bb2 Nc6 9.d5 Na5
10.a4 e6 11.Na3 Re8 12.Nd2 Bd7 13.e4 Nxe4 14.Bxg7 Nxd2 15.Qxd2 Kxg7 16.dxe6 Bxe6
17.Qc3+ Kg8 18.Nc2 Nc6 19.Rfe1 Rb8 20.Rad1 Qc7 21.Qf6 b5 22.axb5 axb5 23.Ne3 Nd4
24.cxb5 Qd8 25.Nd5 Nxb5 26.Qxd8 Rexd8 27.Ne7+ Kg7 28.Nc6 Bxb3 29.Nxb8 Rxb8
30.Rb1 Nc3 31.Rbc1 Na2 32.Rb1 c4 33.Bd5 Nb4 34.Bxc4 Bxc4 35.Red1 d5 36.Rb2 Nc6
37.Rxb8 Nxb8 38.f4 Nc6 39.Kf2 h5 40.Ke3 Kf6 41.Rb1 Ke6 42.h3 d4+ 43.Ke4 Be2
44.f5+ gxf5+ 45.Kf4 d3 46.Ke3 h4 47.gxh4 f4+ 48.Kd2 Ne5 49.h5 Bxh5  0-1

[Event "Anibal Open"]
[Site "Anibal Open ESP"]
[Date "2001.01.10"]
[Round "3"]
[White "Motylev,A"]
[Black "Felgaer,R"]
[Result "1-0"]
[WhiteElo "2574"]
[BlackElo "2390"]

1.e4 c5 2.Nf3 d6 3.d4 cxd4 4.Nxd4 Nf6 5.Nc3 g6 6.Be3 Bg7 7.f3 O-O 8.Qd2 Nc6
9.Bc4 Nxd4 10.Bxd4 Be6 11.Bb3 Qa5 12.O-O-O b5 13.Kb1 b4 14.Nd5 Bxd5 15.exd5 Qb5
16.Qd3 Qxd3 17.Rxd3 Rfc8 18.Re1 Rc7 19.c3 a5 20.cxb4 axb4 21.Rdd1 Bh6 22.g3 Kf8
23.f4 Nd7 24.Rc1 Nc5 25.Rc4 f5 26.Be3 Ra5 27.Rxb4 Nxb3 28.Rxb3 Rxd5 29.a4 Bg7
30.a5 Bd4 31.Rd1 e5 32.a6 Ra5 33.Bxd4 exd4 34.Rb6 Ra7 35.Rxd4 R5xa6 36.Rdxd6 Ra1+
37.Kc2 Rh1 38.Rd2 Rc7+ 39.Kb3 Re1 40.Kb4 Re3 41.b3 Kf7 42.Ka3 Rce7 43.Rbd6 h5
44.R6d3 h4 45.b4 Rxd3+ 46.Rxd3 Re2 47.b5 Rxh2 48.gxh4 Rxh4 49.b6 g5 50.fxg5 Kg6
51.Rd8 Rh7 52.Rg8+ Kh5 53.Kb4 f4 54.Kc5 f3 55.g6 Re7 56.Kd6 Re1 57.Rf8 Rb1
58.Kc7  1-0

[Event "Anibal Open"]
[Site "Anibal Open ESP"]
[Date "2001.01.11"]
[Round "4"]
[White "Motylev,A"]
[Black "Najer,E"]
[Result "0-1"]
[WhiteElo "2574"]
[BlackElo "2597"]

1.e4 c5 2.Nf3 d6 3.d4 cxd4 4.Nxd4 Nf6 5.Nc3 a6 6.Bd3 e5 7.Nde2 Be7 8.O-O O-O
9.Kh1 Nbd7 10.Ng3 Nc5 11.f4 b5 12.a3 Nxd3 13.cxd3 Bg4 14.Qe1 Be6 15.Qe2 exf4
16.Bxf4 d5 17.e5 Nd7 18.Rae1 Rc8 19.Qf3 Bxa3 20.bxa3 Rxc3 21.Bd2 Rc8 22.Bb4 Re8
23.Qf4 Nf8 24.Bxf8 Rxf8 25.Nh5 Kh8 26.Re3 Rg8 27.Rg3 Qe7 28.h3 a5 29.Rg5 b4
30.axb4 axb4 31.Qh4 b3 32.Nf6 h6 33.Rxg7 Kxg7 34.Rf3 Bf5 35.Rxf5 Qe6 36.Rf3 Qxe5
37.Rg3+ Qxg3 38.Nh5+ Kh7 39.Nxg3 b2  0-1

[Event "Anibal Open"]
[Site "Anibal Open ESP"]
[Date "2001.01.14"]
[Round "7"]
[White "Milov,V"]
[Black "Motylev,A"]
[Result "1/2-1/2"]
[WhiteElo "2626"]
[BlackElo "2574"]

1.d4 Nf6 2.c4 g6 3.Nc3 Bg7 4.e4 d6 5.Be2 O-O 6.Bg5 Na6 7.Nf3 h6 8.Be3 Ng4
9.Bc1 e5 10.O-O c6 11.dxe5 Nxe5 12.Nd4 Nc5 13.Be3 a5 14.f4 Ned7 15.Bf3 a4
16.Rb1 Re8 17.Bf2 Qa5 18.Qc2 Qb4 19.Nce2 Nf6 20.Ng3 h5 21.h4 Ng4 22.Bxg4 Bxg4
23.f5 Nd7 24.a3  1/2-1/2

[Event "Anibal Open"]
[Site "Linares ESP"]
[Date "2001.01.15"]
[Round "8"]
[White "Motylev,A"]
[Black "Kobalija,M"]
[Result "1/2-1/2"]
[WhiteElo "2570"]
[BlackElo "2581"]

1.e4 c5 2.Nf3 e6 3.d4 cxd4 4.Nxd4 a6 5.Nc3 Qc7 6.Bd3 Nc6 7.Be3 Nf6 8.O-O Bd6
9.f4 Bc5 10.Nf5 Bxe3+ 11.Nxe3 d6 12.Kh1 b6 13.Qe1 Bb7 14.Qh4 O-O-O 15.Qf2 Kb8
16.a4 Nb4 17.Ra3 d5 18.exd5 exd5 19.Nf5 d4 20.Nxd4 Nxd3 21.cxd3 Rhe8 22.h3 Qc5
23.Nf3 Qxf2 24.Rxf2 Rxd3 25.Kh2 Bxf3 26.Rxf3 Rxf3 27.gxf3 Rd8 28.Rb3 Kb7
29.Rb4 g6 30.Kg3 Rd2 31.Kh4 Rg2 32.Rc4 Ne8 33.Ne4 h6 34.f5 gxf5 35.Ng3 Nd6
36.Rf4 Rxb2 37.Nxf5 Nxf5+ 38.Rxf5 Rb4+ 39.Kh5 a5 40.Rxf7+ Ka6 41.f4 Rxa4
42.Kxh6 Ra1 43.h4 a4 44.f5 b5 45.Rf8 Kb7 46.Rf7+ Kb6 47.Rf8 b4 48.Rb8+ Kc5
49.f6 b3 50.f7 Rf1 51.Kg6 Kc4 52.Rc8+ Kd3 53.Rd8+ Kc2 54.Rc8+ Kd3 55.Rd8+ Kc4
56.Rc8+ Kb4 57.Rb8+ Kc3 58.Rc8+ Kd2 59.Rd8+ Kc1 60.Rc8+ Kd2 61.Rd8+ Kc3 62.Rc8+ Kb4
63.Rb8+ Kc5 64.h5 Rg1+ 65.Kh6 Rf1 66.Kg6 Rg1+  1/2-1/2

[Event "Anibal Open"]
[Site "Linares ESP"]
[Date "2001.01.16"]
[Round "9"]
[White "Bacrot,E"]
[Black "Motylev,A"]
[Result "1-0"]
[WhiteElo "2618"]
[BlackElo "2570"]

1.d4 Nf6 2.c4 g6 3.Nc3 Bg7 4.e4 d6 5.Nf3 O-O 6.Be2 e5 7.O-O Nc6 8.d5 Ne7
9.b4 Nh5 10.Re1 f5 11.Ng5 Nf6 12.f3 c6 13.Kh1 Kh8 14.b5 c5 15.Ne6 Bxe6 16.dxe6 Ne8
17.Nd5 Ng8 18.exf5 gxf5 19.g4 fxg4 20.fxg4 e4 21.Rb1 Qh4 22.Bf4 Be5 23.Bxe5+ dxe5
24.Rf1 Ng7 25.Qc2 e3 26.Qe4 Rf2 27.Rxf2 exf2 28.Qxe5 Re8 29.Nc7 Rf8 30.Rf1 Ne7
31.Qxc5 Ng6 32.Qe3 Qe7 33.Nd5 Qxe6 34.Rxf2 Qxe3 35.Rxf8+ Nxf8 36.Nxe3 Nge6
37.Kg2 Nd7 38.Bf3 Nec5 39.Nf5  1-0

[Event "Anibal Open"]
[Site "Linares ESP"]
[Date "2001.01.18"]
[Round "11"]
[White "Zvjaginsev,V"]
[Black "Motylev,A"]
[Result "1/2-1/2"]
[WhiteElo "2631"]
[BlackElo "2570"]

1.e4 e5 2.Nf3 Nf6 3.Nxe5 d6 4.Nf3 Nxe4 5.d4 d5 6.Bd3 Nc6 7.O-O Be7 8.c4 Nb4
9.Be2 O-O 10.Nc3 Be6 11.Ne5 f6 12.Nf3 Kh8 13.Re1 c5 14.Be3 f5 15.cxd5 Nxc3
16.bxc3 Nxd5 17.Bd2 cxd4 18.Nxd4 Bg8 19.Rb1 Qc7 20.Nb5 Qd7 21.c4  1/2-1/2

[Event "Open"]
[Site "Ubeda ESP"]
[Date "2001.01.21"]
[Round "1"]
[White "Abdel Razik,K"]
[Black "Motylev,A"]
[Result "1/2-1/2"]
[WhiteElo "2385"]
[BlackElo "2570"]

1.d4 Nf6 2.c4 g6 3.Nf3 Bg7 4.g3 O-O 5.Bg2 d6 6.O-O a6 7.Nc3 Nc6 8.h3 Bd7
9.Be3 Rb8 10.a4 b6 11.Ra3 Na5 12.b3 c5 13.Qc1 Qc8 14.Kh2 Bc6 15.d5 Bb7 16.Bh6 e5
17.e4 Nd7 18.Kg1 Qd8 19.Nh2 f5 20.exf5 gxf5 21.g4 Bxh6 22.Qxh6 Kh8 23.gxf5 Rxf5
24.Ne4 Nf6 25.Ng4 Nxe4 26.Bxe4 Rf7 27.f4 exf4 28.Rxf4 Rg7  1/2-1/2

[Event "Open"]
[Site "Ubeda ESP"]
[Date "2001.01.23"]
[Round "3"]
[White "Zilberman,Y"]
[Black "Motylev,A"]
[Result "1/2-1/2"]
[WhiteElo "2481"]
[BlackElo "2570"]

1.d4 Nf6 2.c4 g6 3.Nc3 Bg7 4.e4 d6 5.Be2 O-O 6.Nf3 e5 7.d5 a5 8.Bg5 h6 9.Bh4 Na6
10.Nd2 Bd7 11.a3 Qe8 12.b3 Nh7 13.Rb1 f5 14.f3 Nc5 15.Qc2 fxe4 16.Ncxe4 Bf5
17.O-O h5 18.b4 axb4 19.axb4 Nxe4 20.fxe4 Bd7 21.c5 Rf4 22.Bf2 Bh6 23.Nc4 Qf8
24.Bg3 Rxf1+ 25.Rxf1 Qe7 26.c6 bxc6 27.dxc6 Be6 28.b5 Rb8 29.Bf2 Rxb5 30.Nxd6 Rb8
31.Nc4 Bf7 32.Kh1 Bf4 33.Ne3 Nf6 34.Bc4 Kh7 35.Nd5 Bxd5 36.exd5 Ng4 37.Bg1 Rf8
38.Bd3 Kg7 39.g3 Ne3 40.Bxe3 Bxe3 41.Rxf8 Qxf8 42.Kg2 Qc5 43.Bxg6 Qxd5+  1/2-1/2

[Event "Open"]
[Site "Ubeda ESP"]
[Date "2001.01.24"]
[Round "4"]
[White "Motylev,A"]
[Black "Paragua,M"]
[Result "1-0"]
[WhiteElo "2570"]
[BlackElo "2427"]

1.e4 c5 2.Nf3 d6 3.d4 cxd4 4.Nxd4 Nf6 5.Nc3 a6 6.Be3 Ng4 7.Bc1 Nf6 8.f3 Qb6
9.Nb3 e6 10.Qe2 Nc6 11.Be3 Qc7 12.O-O-O b5 13.g4 Ne5 14.g5 Nfd7 15.f4 Nc4
16.Bd4 Bb7 17.h4 O-O-O 18.f5 e5 19.Bg1 Kb8 20.a4 Rc8 21.axb5 Ndb6 22.Rh3 a5
23.Qf2 d5 24.Bxc4 d4 25.Nxd4 exd4 26.Qxd4 Bc5 27.Qxc5 Qf4+ 28.Be3  1-0

[Event "Open"]
[Site "Ubeda ESP"]
[Date "2001.01.26"]
[Round "6"]
[White "Motylev,A"]
[Black "Janev,E"]
[Result "1/2-1/2"]
[WhiteElo "2570"]
[BlackElo "2445"]

1.e4 Nf6 2.e5 Nd5 3.d4 d6 4.Nf3 g6 5.Bc4 Nb6 6.Bb3 Bg7 7.a4 a5 8.Ng5 e6 9.f4 dxe5
10.fxe5 c5 11.c3 cxd4 12.O-O O-O 13.cxd4 Nc6 14.Nf3 f6 15.Nc3 Nd5 16.exf6 Nxf6
17.Kh1 Kh8 18.Bg5 h6 19.Bh4 g5 20.Bf2 Nd5 21.Bc2 Ndb4 22.Bb1 e5 23.d5 Nd4
24.Nxd4 exd4 25.Nb5 d3 26.Bxd3 Qxd5 27.Be2 Bf5 28.Qxd5 Nxd5 29.Bc5 Rf6 30.Bf3 Nf4
31.Bd4 Rff8 32.g3 Nd3 33.Bxb7 Rab8 34.Bg2 Nxb2 35.Bc5 Rf6 36.Bd4 Rff8 37.Bc5 Rf6
38.Ba7 Rd8 39.Bd4 Rff8 40.Bc5 Rf7 41.Nd6 Rxd6 42.Bxd6 Nc4 43.Bc5 Bxa1 44.Rxa1 Rd7
45.h4 Kg7 46.Rf1 Bd3 47.Rf2 Ne5 48.Rd2 Nc4 49.Rf2 Ne5 50.Ba3 Kg6 51.Kg1 Bb1
52.Bb2 Ng4 53.Rf1 Bc2 54.Bc6 Re7 55.Rc1 Bf5 56.Bd4 Ne5 57.Bg2  1/2-1/2

[Event "Open"]
[Site "Ubeda ESP"]
[Date "2001.01.29"]
[Round "9"]
[White "Kobalija,M"]
[Black "Motylev,A"]
[Result "1/2-1/2"]
[WhiteElo "2581"]
[BlackElo "2570"]

1.e4 e5 2.Bc4 Nf6 3.d3 c6 4.Nf3 Be7 5.O-O d6 6.Bb3 Nbd7 7.c3 Nf8 8.Ng5 Ne6
9.f4 exf4 10.Nxe6 Bxe6 11.Bxf4 Qb6+ 12.Kh1 d5 13.Nd2 O-O 14.exd5 Nxd5 15.Nc4 Qd8
16.Bd2 Nb6 17.Ne5 Bxb3 18.Qxb3 Qd5 19.Rae1 Qxb3 20.axb3 Bd6 21.d4  1/2-1/2

[Event "Victor Ciocaltea Mem"]
[Site "Bucharest ROM"]
[Date "2001.03.04"]
[Round "1"]
[White "Solak,D"]
[Black "Motylev,A"]
[Result "1/2-1/2"]
[WhiteElo "2511"]
[BlackElo "2570"]

1.d4 d5 2.Nf3 Nf6 3.c4 c6 4.e3 a6 5.Bd3 Bg4 6.Qb3 Bxf3 7.gxf3 Qc7 8.Nc3 e6
9.Bd2 dxc4 10.Qxc4 Nbd7 11.Ne4 Be7 12.Nxf6+ Bxf6 13.Qc2 Qb6 14.Bc3 c5 15.dxc5 Qxc5
16.Bxf6 Qxc2 17.Bxc2 Nxf6 18.Ke2 Ke7 19.Rac1 Rac8 20.Be4 Nxe4  1/2-1/2

[Event "Victor Ciocaltea Mem"]
[Site "Bucharest ROM"]
[Date "2001.03.05"]
[Round "2"]
[White "Motylev,A"]
[Black "Nevednichy,V"]
[Result "1/2-1/2"]
[WhiteElo "2570"]
[BlackElo "2563"]

1.e4 c5 2.Nf3 d6 3.d4 cxd4 4.Nxd4 Nf6 5.Nc3 Nc6 6.f3 Nxd4 7.Qxd4 g6 8.Bb5+ Bd7
9.Bxd7+ Qxd7 10.Be3 Bg7 11.O-O-O Qc6 12.Qd3 O-O 13.Bd4 Rfe8 14.g4 a6 15.h4 Rac8
16.h5 Qc4 17.Qd2 Qb4 18.hxg6 fxg6 19.Kb1 Rc4 20.Qd3 Rxd4 21.Qxd4 Qxd4 22.Rxd4 Nxg4
23.Rb4 Bxc3 24.bxc3 Ne5 25.f4 Nd7 26.Rxb7 Nc5 27.Rb4 Rf8 28.e5 dxe5 29.fxe5 Rf5
30.Re1 h5 31.e6 Kg7 32.Rb8 g5 33.Re8 Kf6 34.Rf8+ Kg6 35.Rg8+ Kf6 36.Rf8+ Kg6
37.Rg8+  1/2-1/2

[Event "Victor Ciocaltea Mem"]
[Site "Bucharest ROM"]
[Date "2001.03.06"]
[Round "3"]
[White "Nisipeanu,LD"]
[Black "Motylev,A"]
[Result "1/2-1/2"]
[WhiteElo "2596"]
[BlackElo "2570"]

1.e4 e5 2.Nf3 Nf6 3.Nxe5 d6 4.Nf3 Nxe4 5.c4 Be7 6.Nc3 Ng5 7.Be2 O-O 8.O-O Nc6
9.d4 Re8 10.Nd5 Nxf3+ 11.Bxf3 Bf6 12.Be3 Bf5 13.b4 a6 14.a4 h6 15.Qd2 Be4
16.Bxe4 Rxe4 17.Qd3 Re8 18.Rae1 a5 19.b5 Nb4 20.Nxb4 axb4 21.Qb3 Re4 22.Rd1 Ra5
23.Qxb4 Qa8 24.b6  1/2-1/2

[Event "Victor Ciocaltea Mem"]
[Site "Bucharest ROM"]
[Date "2001.03.07"]
[Round "4"]
[White "Motylev,A"]
[Black "Vajda,L"]
[Result "0-1"]
[WhiteElo "2570"]
[BlackElo "2454"]

1.e4 d6 2.d4 Nf6 3.Nc3 g6 4.f4 Bg7 5.Nf3 O-O 6.Bd3 Na6 7.O-O c5 8.d5 Nc7
9.a4 a6 10.a5 Nb5 11.Bd2 Bd7 12.Re1 Nxc3 13.bxc3 Bg4 14.c4 Nd7 15.Rb1 Rb8
16.Rb3 e5 17.f5 Bf6 18.h3 Bxf3 19.Qxf3 Bg5 20.Bc3 Qe7 21.Reb1 b6 22.axb6 Rb7
23.Ba5 Rfb8 24.c3 Qf8 25.Bc2 Qh6 26.Qd1 gxf5 27.exf5 Nf6 28.R3b2 Be3+ 29.Kh1 Kh8
30.Ba4 Rg8 31.Bc6 Ne4 32.Qf3 Ng3+ 33.Qxg3 Rxg3 34.Bxb7 Bc1 35.Re2 Qf4 36.Bc6 Rxh3+  0-1

[Event "Victor Ciocaltea Mem"]
[Site "Bucharest ROM"]
[Date "2001.03.09"]
[Round "6"]
[White "Fressinet,L"]
[Black "Motylev,A"]
[Result "1/2-1/2"]
[WhiteElo "2581"]
[BlackElo "2570"]

1.e4 e5 2.Nf3 Nf6 3.Nxe5 d6 4.Nf3 Nxe4 5.d4 d5 6.Bd3 Nc6 7.O-O Be7 8.c4 Nb4
9.Be2 O-O 10.Nc3 Be6 11.Ne5 f6 12.Nf3 Kh8 13.Re1 c5 14.cxd5 Bxd5 15.Nxd5 Qxd5
16.Be3 Rfd8 17.a3 Nc6 18.dxc5 Qxd1 19.Raxd1 Bxc5 20.Bxc5 Nxc5 21.b4 Ne4 22.Rc1 a6
23.Bxa6 Rxa6 24.b5 Ra4 25.bxc6 bxc6 26.Rxc6 h6 27.h4 Nd2 28.Nxd2 Rxd2 29.g3 Rxa3
30.Rc7 Ra8 31.Rb7  1/2-1/2

[Event "Victor Ciocaltea Mem"]
[Site "Bucharest ROM"]
[Date "2001.03.10"]
[Round "7"]
[White "Motylev,A"]
[Black "Brodsky,M"]
[Result "1-0"]
[WhiteElo "2570"]
[BlackElo "2527"]

1.e4 c5 2.Nf3 Nc6 3.d4 cxd4 4.Nxd4 e5 5.Nb5 d6 6.c4 Be7 7.Be2 Be6 8.O-O Nf6
9.N1c3 a6 10.Na3 Nd4 11.Be3 Nxe2+ 12.Qxe2 O-O 13.f3 Rc8 14.Rac1 Nd7 15.Rfd1 Bg5
16.b3 Bxe3+ 17.Qxe3 Qc7 18.Nc2 b5 19.Nb4 bxc4 20.Ncd5 Qd8 21.Rxc4 Rxc4 22.bxc4 Qa5
23.Ne7+ Kh8 24.Nec6 Qc7 25.Qa7 Qxa7+ 26.Nxa7 Ra8 27.Nac6 Bxc4 28.Rxd6 Be6
29.a3 g5 30.Nd3 Rc8 31.h3 Kg7 32.Ndxe5 Nxe5 33.Nxe5 Rc5 34.Nc6 Rc1+ 35.Kh2 Ra1
36.Nd4 Rxa3 37.Nxe6+ fxe6 38.Rxe6 a5 39.Ra6 a4 40.Kg3 Ra2 41.h4 gxh4+ 42.Kxh4 a3
43.g3 Ra1 44.Kg5 a2 45.Ra7+ Kf8 46.Kf6 Ke8 47.f4  1-0

[Event "Victor Ciocaltea Mem"]
[Site "Bucharest ROM"]
[Date "2001.03.11"]
[Round "8"]
[White "Ionescu,Co"]
[Black "Motylev,A"]
[Result "1/2-1/2"]
[WhiteElo "2504"]
[BlackElo "2570"]

1.d4 Nf6 2.c4 g6 3.Nc3 Bg7 4.e4 d6 5.Bd3 O-O 6.Nge2 Nc6 7.O-O e5 8.d5 Nd4
9.Bg5 h6 10.Bh4 c5 11.Rb1 g5 12.Bg3 h5 13.f3 h4 14.Be1 Nh5 15.h3 Nf4 16.Nxf4 exf4
17.Ne2  1/2-1/2

[Event "Victor Ciocaltea Mem"]
[Site "Bucharest ROM"]
[Date "2001.03.12"]
[Round "9"]
[White "Motylev,A"]
[Black "Badea,B"]
[Result "1/2-1/2"]
[WhiteElo "2570"]
[BlackElo "2460"]

1.e4 g6 2.d4 Bg7 3.Nc3 d6 4.Be3 a6 5.h4 h6 6.Be2 b5 7.h5 g5 8.a3 Bb7 9.f4 gxf4
10.Bxf4 Nd7 11.Nf3 c5 12.d5 Qa5 13.O-O Bxc3 14.bxc3 Ngf6 15.a4 bxa4 16.Nd2 Qxc3
17.Rxa4 Nb6  1/2-1/2

[Event "Victor Ciocaltea Mem"]
[Site "Bucharest ROM"]
[Date "2001.03.13"]
[Round "10"]
[White "Navrotescu,C"]
[Black "Motylev,A"]
[Result "1/2-1/2"]
[WhiteElo "2451"]
[BlackElo "2570"]

1.d4 Nf6 2.c4 g6 3.Nc3 Bg7 4.e4 d6 5.h3 O-O 6.Bg5 c6 7.Bd3 Na6 8.Nge2 e5
9.d5 Qb6 10.Na4 Qa5+ 11.Bd2 Qd8 12.O-O b5 13.cxb5 cxb5 14.Bxb5 Nxe4 15.Be3 Rb8
16.Nec3 Nxc3 17.Nxc3 Nc7 18.Bc4 f5 19.f3 Rxb2 20.Bxa7 e4 21.Ne2 Ba6 22.Rc1 Bxc4
23.Rxc4 Nb5 24.Be3 exf3 25.Rxf3 Rxa2 26.Nf4 Ra1 27.Rc1 Nc3 28.Qd3 Rxc1+ 29.Bxc1 Qb6+
30.Be3 Qb5 31.Qxb5 Nxb5 32.Ne6 Rc8 33.g4 fxg4 34.hxg4 Be5 35.Bb6 Nc3 36.Bd8 Ne2+
37.Kf2 Nf4 38.Nxf4 Bxf4 39.Rxf4 Rxd8 40.Kg3 Kg7 41.Re4 Ra8 42.Re6 Ra3+ 43.Kf4 Ra4+
44.Kg3 Kh6 45.Kh4 Kg7 46.Kg3 Ra6 47.g5 Kf7 48.Kg4 Ra4+ 49.Kg3 Rd4 50.Rxd6 Ke7
51.Re6+ Kd7 52.Rf6 Ke7 53.Re6+  1/2-1/2

[Event "TCh-ROM"]
[Site "Sovata ROM"]
[Date "2001.03.21"]
[Round "1"]
[White "Sofronie,I"]
[Black "Motylev,A"]
[Result "1/2-1/2"]
[WhiteElo "2399"]
[BlackElo "2570"]

1.e4 c5 2.Nf3 Nc6 3.Bb5 g6 4.O-O Bg7 5.Re1 e5 6.Bxc6 dxc6 7.d3 Ne7 8.a4 a5
9.Be3 b6 10.h3 O-O 11.Na3 Qc7 12.Qc1 Ba6 13.b3 Rfe8 14.Nc4 Rad8 15.Bh6 f6
16.Be3 Nc8 17.Nh2 Nd6 18.Nxd6 Qxd6 19.Nf1 f5 20.f3 f4 21.Bf2 h5 22.Nd2 g5
23.Nc4 Qc7 24.Qd2 Re6 25.Kf1 g4 26.hxg4 hxg4 27.Ke2 g3 28.Bg1 Rh6 29.Kd1 Bf6
30.Qc3 Kg7 31.Kc1 Rdh8 32.Kb2 Bc8 33.Re2 Be6 34.Ree1 Kg6 35.Ra2 Ra8 36.Rea1 Rhh8
37.Nd2 Bf7 38.Nc4 Be6 39.Nd2 Bg8 40.Nc4 Bf7 41.Qd2 Rab8 42.Qc3 Rhc8 43.Nd2 Ra8
44.Nc4 Ra6 45.Qd2 Rca8 46.Qe1 Be6 47.Qd2 Kg7 48.Qe1 Rh8 49.Qd2 Qd8 50.Qc3 Rh1
51.Qe1 Bf7 52.Qc3 Be6 53.Qe1 Qc7 54.Qd2 Ra8 55.Qc3 Rah8 56.Rc1 R1h5 57.Re1 Qd8
58.Raa1 Qc7 59.Ra2 Ra8 60.Rea1 Qd8 61.Nd2 Kg8 62.Nc4 Ra6 63.Qe1 Rh1 64.Qc3 b5
65.axb5 cxb5 66.Rxa5 Rxg1 67.Rxg1 b4 68.Qe1 Rxa5 69.Nxa5 Qxa5 70.Qa1 Qd8
71.Rh1 Qd4+ 72.Kb1 Qxa1+ 73.Kxa1 Kg7 74.Kb2 Kf7 75.Kc1 Bg7  1/2-1/2

[Event "TCh-ROM"]
[Site "Sovata ROM"]
[Date "2001.03.22"]
[Round "2"]
[White "Grigore,G"]
[Black "Motylev,A"]
[Result "0-1"]
[WhiteElo "2483"]
[BlackElo "2570"]

1.d4 Nf6 2.c4 g6 3.Nc3 Bg7 4.e4 d6 5.Be2 O-O 6.Nf3 e5 7.O-O Nc6 8.d5 Ne7
9.Nd2 a5 10.a3 Nd7 11.Rb1 f5 12.b4 Kh8 13.f3 axb4 14.axb4 c6 15.Nb3 fxe4
16.fxe4 Qb6+ 17.Kh1 Qxb4 18.Nb5 Rxf1+ 19.Bxf1 cxb5 20.Bd2 Qa4 21.Ra1 Qxb3
22.Qxb3 Rxa1 23.Kg1 bxc4 24.Qxc4 Nc5 25.Be3 b6 26.Qc3 Rb1 27.Qc2 Rb4 28.Qd2 Rxe4
29.Bxc5 bxc5 30.Qg5 Ng8 31.Qd8 Bb7 32.Qxd6 Rd4 33.Qxc5 Bxd5 34.Qc7 h5 35.Be2 Nh6
36.Qd8+ Kh7 37.Qg5 Nf7 38.Qe7 Rd2 39.Bf3 Bxf3 40.gxf3 Nh6 41.Qb4 Rd4  0-1

[Event "TCh-ROM"]
[Site "Sovata ROM"]
[Date "2001.03.23"]
[Round "3"]
[White "Motylev,A"]
[Black "Itkis,B"]
[Result "1-0"]
[WhiteElo "2570"]
[BlackElo "2416"]

1.e4 e6 2.d4 d5 3.Nd2 dxe4 4.Nxe4 Nd7 5.Nf3 Ngf6 6.Bg5 h6 7.Nxf6+ Nxf6 8.Be3 Bd7
9.Bd3 Bc6 10.Qe2 Qd5 11.Ne5 a6 12.f3 Bd6 13.Bc4 Qa5+ 14.Bd2 Bb4 15.c3 Be7
16.Nxc6 bxc6 17.a4 Qb6 18.a5 Qxb2 19.O-O Qb7 20.f4 g6 21.Rae1 Rg8 22.Qf3 Kf8
23.Rb1 Qc8 24.Qxc6 Bd6 25.Bd3 Be7 26.Qf3 Kg7 27.c4 c5 28.d5 exd5 29.cxd5 Rd8
30.f5 gxf5  1-0